000
00208 a2200097 4500
001
18455
100
_a
Falls C
245
_a
Great military battles
260
_a
_b
Spring books
_c
1972
090
_c
13693
_d
13693
942
_a
NUST-CAE
_c
M
_c
4106
999
_c
253528
_d
253528